La filosofía en Alberdi.
Saved in:
| Main Author: | |
|---|---|
| Format: | Book |
| Language: | Spanish |
| Published: |
Córdoba, República Argentina:
Ediciones de la Academia Nacional de Derecho y Ciencias Sociales de Córdoba,
2000.
|
| Edition: | Segunda edición, aumentada. |
| Series: | Ediciones de la Academia Nacional de Derecho y Ciencias Sociales de Córdoba, volumen IX.
|
| Subjects: | |
| Tags: |
Add Tag
No Tags, Be the first to tag this record!
|
MARC
| LEADER | 00000nam a2200000 a 4500 | ||
|---|---|---|---|
| 001 | UCN9373 | ||
| 003 | CL-VaPUC | ||
| 005 | 20250103093126.0 | ||
| 008 | 011130e20000000AG |||||||||||||||||spa|d | ||
| 999 | |c 298811 |d 298809 | ||
| 040 | |c Pontificia Universidad Católica de Valparaíso | ||
| 082 | 0 | 4 | |a 320.1 GHI 2000 |2 21 |
| 100 | |a Ghirardi, Olsen A |e autor |9 535151 | ||
| 245 | 1 | 3 | |a La filosofía en Alberdi. |
| 250 | |a Segunda edición, aumentada. | ||
| 260 | |a Córdoba, República Argentina: |b Ediciones de la Academia Nacional de Derecho y Ciencias Sociales de Córdoba, |c 2000. | ||
| 300 | |a 248 páginas. | ||
| 490 | 0 | |a Ediciones de la Academia Nacional de Derecho y Ciencias Sociales de Córdoba, volumen IX. | |
| 500 | |a c.2 Donación Familia Prof. Alejandro Guzmán Brito. | ||
| 583 | |a last modification |c 20160913 04:24:35 |k Rodrigo Vera | ||
| 600 | 0 | |a Alberdi, Juan Bautista, |d 1810-1884 |9 331707 | |
| 650 | 7 | |a FILOSOFIA POLITICA |2 CL-VaPUC |9 465959 | |
| 650 | 0 | |a Filosofía social |9 268191 | |
| 650 | 0 | |a Filosofía de la historia |9 265651 | |
| 650 | 7 | |a FILOSOFOS ARGENTINOS |2 CL-VaPUC |9 464631 | |
| 942 | |c BK |2 ddc |n 0 | ||
| 945 | |d 20011130 00:00:00 |a crobeson | ||
| 952 | |0 0 |1 0 |4 0 |6 320_100000000000000_GHI_2000 |7 0 |8 DER_TF |9 354750 |a BIBDER |b BIBDER |d 2019-11-21 |i 3728692 |o 320.1 GHI 2000 |p 3728692 |r 2023-01-25 |w 2019-11-21 |x Ubicación 4to Piso |y BK |z Estos recursos deben solicitarse con anticipación |k DER | ||